| 000 | 00512nam a2200157 a 4500 | ||
|---|---|---|---|
| 001 | 000037402 | ||
| 005 | 20200930080338.0 | ||
| 008 | 120402s2011 dr 000 0 spa d | ||
| 040 |
_aDO-SdBNP _bspa _cBNPHU |
||
| 082 |
_axxx _bM779t |
||
| 100 | 1 |
_aMontes de Oca, Favio Ramón _963849 |
|
| 245 | 1 | 0 |
_aTrujillo y los secretos de su hija Rayana / _cFavio Ramón Montes de Oca. |
| 260 |
_aSanto Domingo : _bSantuario, _c2011. |
||
| 300 |
_a121 p ; _c24 cm. |
||
| 500 | _aIncluye datos biográficos del autor en la solapa | ||
| 999 |
_c36892 _d36892 |
||